青森県の「町」の読み - Statistics

General Stats
  • This quiz has been taken 12 times
  • The average score is 17 of 22
Answer Stats
Question Answer % Correct
鯵ヶ沢町 まち
91%
深浦町 まち
91%
藤崎町 まち
91%
外ヶ浜町 まち
82%
大鰐町 まち
82%
鶴田町 まち
82%
横浜町 まち
82%
東北町 まち
82%
おいらせ町 ちょう
82%
階上町 ちょう
82%
平内町 まち
73%
今別町 まち
73%
板柳町 まち
73%
七戸町 まち
73%
大間町 まち
73%
三戸町 まち
73%
五戸町 まち
73%
中泊町 まち
64%
野辺地町 まち
64%
六戸町 まち
64%
田子町 まち
64%
南部町 ちょう
64%
No matching quizzes found
Score Distribution
Percent of People with Each Score
Percentile by Number Answered
Your Score History
You have not taken this quiz